000
00175 a2200097 4500
020
_a
065373007506
041
_a
eng
100
_a
Roberts, Nora
245
_a
Lawless
942
_c
BK
999
_c
7993
_d
7993